Online
Catalog

Lo que va dictando el fuego / (Record no. 39254)

MARC details
000 -CABECERA
campo de control de longitud fija 00995nam a2200277 a 4500
001 - NÚMERO DE CONTROL
campo de control 000039764
003 - IDENTIFICADOR DEL NÚMERO DE CONTROL
campo de control OSt
005 - FECHA Y HORA DE LA ÚLTIMA TRANSACCIÓN
campo de control 20201026121045.0
008 - DATOS DE LONGITUD FIJA--INFORMACIÓN GENERAL
campo de control de longitud fija 130718s2008 ve 000 0 spa d
020 ## - NÚMERO INTERNACIONAL ESTÁNDAR DEL LIBRO
Número Internacional Estándar del Libro 9789802764655 (rústica)
020 ## - NÚMERO INTERNACIONAL ESTÁNDAR DEL LIBRO
Número Internacional Estándar del Libro 9789802764662 (empastada)
040 ## - FUENTE DE LA CATALOGACIÓN
Centro catalogador/agencia de origen DO-SdBNP
Lengua de catalogación spa
Centro/agencia transcriptor BNPHU
082 ## - NÚMERO DE LA CLASIFICACIÓN DECIMAL DEWEY
Número de clasificación xxxx
Número de documento/Ítem xxxx
100 1# - ENTRADA PRINCIPAL--NOMBRE DE PERSONA
Nombre de persona Fernández Retamar, Roberto
9 (RLIN) 5808
Fechas asociadas al nombre 1930-2019
245 13 - MENCIÓN DE TÍTULO
Título Lo que va dictando el fuego /
Mención de responsabilidad, etc. Roberto Fernández Retamar ; prólogo Roberto Méndez Martínez. ; cronología y bibliografía Araceli García Carranza
260 ## - PUBLICACIÓN, DISTRIBUCIÓN, ETC.
Lugar de publicación, distribución, etc. Venezuela :
Nombre del editor, distribuidor, etc. Fundación Biblioteca Ayacucho,
Fecha de publicación, distribución, etc. 2008.
300 ## - DESCRIPCIÓN FÍSICA
Extensión 495 p. ;
Dimensiones 23 cm.
490 1# - MENCIÓN DE SERIE
Mención de serie Clásica
Designación de volumen o secuencia 245
500 ## - NOTA GENERAL
Nota general Incluye notas al pie de las páginas
504 ## - NOTA DE BIBLIOGRAFÍA, ETC.
Nota de bibliografía, etc. Bibliografía : p. 477-489
590 ## - NOTA LOCAL (RLIN)
Nota local Inventariado, 2020/ YL
700 12 - PUNTO DE ACCESO ADICIONAL--NOMBRE DE PERSONA
Nombre de persona Méndez Martínez, Roberto,
Término indicativo de función/relación pról.
9 (RLIN) 65957
700 12 - PUNTO DE ACCESO ADICIONAL--NOMBRE DE PERSONA
Nombre de persona García Carranza, Araceli
Término indicativo de función/relación cron.
9 (RLIN) 35574
830 #0 - PUNTO DE ACCESO ADICIONAL DE SERIE-TÍTULO UNIFORME
Título uniforme Clásica
Número de parte o sección de la obra 245
9 (RLIN) 65958
942 ## - ELEMENTOS DE PUNTO DE ACCESO ADICIONAL (KOHA)
Fuente del sistema de clasificación o colocación Dewey Decimal Classification
Tipo de ítem Koha Libro
Holdings
Estado de retiro Estado de pérdida Fuente del sistema de clasificación o colocación Restricciones de uso No para préstamo Código de colección Localización permanente Ubicación/localización actual Ubicación en estantería Fecha de adquisición Fuente de adquisición Número de inventario Total de préstamos Signatura topográfica completa Código de barras Fecha visto por última vez Precio válido a partir de Tipo de ítem Koha Número de copia
    Dewey Decimal Classification Préstamo en sala Préstamo en sala Monografías: Libros y Folletos General General En catalogación 03.10.2012 Universitarios M.... LF1   39764-10 25.06.2020 25.06.2020 Préstamo en sala  
    Dewey Decimal Classification Préstamo en sala Préstamo en sala Monografías: Libros y Folletos General General En catalogación 25.10.2013 Roberto Fernández LF1   39764-20 25.06.2020 25.06.2020 No se presta e. 2

Powered by Koha